| 000 | 01239nac a22003251u 4500 | ||
|---|---|---|---|
| 003 | EG-ScBUE | ||
| 005 | 20220222110517.0 | ||
| 008 | 200219s1993 enk f 000 0 eng d | ||
| 020 | _a0460873415 | ||
| 020 | _a9780460873413 | ||
| 040 |
_aEG-ScBUE _beng _erda _cEG-ScBUE _dEG-ScBUE |
||
| 082 | 0 | 4 |
_a829.8 _bANG _222 |
| 245 | 0 | 0 |
_aAnglo-Saxon prose / _cedited and translated by Michael Swanton, professor of English Medieval Studies, University of Exeter. |
| 264 | 1 |
_aLondon : _bEveryman, _c1993. |
|
| 300 |
_axxx, 268 pages ; _c20 cm. |
||
| 336 |
_2rdacontent _atext _btxt |
||
| 337 |
_2rdamedia _aunmediated _bn |
||
| 338 |
_2rdacarrier _avolume _bnc |
||
| 490 | 0 | _aThe Everyman library | |
| 500 | _aDistributer: Al-Ahram. | ||
| 650 | 7 |
_aEnglish prose literature _yOld English, ca. 450-1100 _xModernized versions. _2BUEsh |
|
| 650 | 7 |
_aCivilization, Anglo-Saxon _xLiterary collections. _2BUEsh |
|
| 650 | 7 |
_aAnglo-Saxons _xLiterary collections. _2BUEsh |
|
| 651 | _2BUEsh | ||
| 653 |
_bHHUUEENN _cFebruary2022 |
||
| 655 |
_vReading book _934232 |
||
| 700 | 1 |
_aSwanton, Michael, _d1939- _eeditor. _etranslator. |
|
| 856 | 4 | 2 |
_3Contributor biographical information _uhttp://www.loc.gov/catdir/bios/orion051/94134801.html |
| 942 |
_cBB _2ddc |
||
| 999 |
_c9119 _d9119 |
||